书目信息 |
| 题名: |
创业企业融资管理研究
|
|
| 作者: | 岳双喜 著 | |
| 分册: | ||
| 出版信息: | 北京 中国纺织出版社 2018 |
|
| 页数: | 251页 | |
| 开本: | 24cm | |
| 丛书名: | ||
| 单 册: | ||
| 中图分类: | F275.1 | |
| 科图分类: | ||
| 主题词: | 企业融资--研究 | |
| 电子资源: | ||
| ISBN: | 978-7-5180-4084-1 | |
| 000 | 00914nam0 2200229 450 | |
| 001 | 012001003511 | |
| 005 | 20140926114740.0 | |
| 010 | @a978-7-5180-4084-1@dCNY69.00 | |
| 100 | @a20180315d2018 em y0chiy50 ea | |
| 101 | 0 | @achi |
| 102 | @aCN@b110000 | |
| 105 | @ay z 000yy | |
| 106 | @ar | |
| 200 | 1 | @a创业企业融资管理研究@9chuang ye qi ye rong zi guan li yan jiu@f岳双喜著 |
| 210 | @a北京@c中国纺织出版社@d2018 | |
| 215 | @a251页@d24cm | |
| 330 | @a本书对中小微企业融资机制进行了详细而又全面的分析。第一章对创业企业融资进行了概述性分析;第二章对创业企业融资的环境与难点进行了研究;第三章对国外主要是美国、德国和日本创业企业融资模式进行了研究;第四、五、六章对创业企业的几个主要融资渠道进行了研究;第七章则探讨了创业企业融资的风险。 | |
| 606 | 0 | @a企业融资@x研究 |
| 690 | @aF275.1@v5 | |
| 701 | 0 | @a岳双喜@9yue shuang xi@4著 |
| 801 | 0 | @aCN@b上海新华@c20180901 |
| 905 | @b1162999-3003@dF275.1@e1598@f5 | |
| 创业企业融资管理研究/岳双喜著.-北京:中国纺织出版社,2018 |
| 251页;24cm |
| ISBN 978-7-5180-4084-1:CNY69.00 |
| 本书对中小微企业融资机制进行了详细而又全面的分析。第一章对创业企业融资进行了概述性分析;第二章对创业企业融资的环境与难点进行了研究;第三章对国外主要是美国、德国和日本创业企业融资模式进行了研究;第四、五、六章对创业企业的几个主要融资渠道进行了研究;第七章则探讨了创业企业融资的风险。 |
| ● |
| 相关链接 |
|
|
|
|
正题名:创业企业融资管理研究
索取号:F275.1/1598
 
预约/预借
| 序号 | 登录号 | 条形码 | 馆藏地/架位号 | 状态 | 备注 |
| 1 | 1162999 | 211629996 | 第一样本阅览室/ [索取号:F275.1/1598] | 在馆 | |
| 2 | 1163000 | 211630001 | 第一借阅区/ [索取号:F275.1/1598] | 在馆 | |
| 3 | 1163001 | 211630010 | 第一借阅区/ [索取号:F275.1/1598] | 在馆 | |
| 4 | 1163002 | 211630029 | 第一借阅区/ [索取号:F275.1/1598] | 在馆 | |
| 5 | 1163003 | 211630038 | 密集书库-海洋学院/ [索取号:F275.1/1598] | 在馆 |